000 002860000a22000970004500
100 1 _aSedlmeier, Franz
245 1 0 _aZusammengesetzte nominalsätze und ihre leistung für Psalm 102
300 _aVol. 45, Num. 2 (Abril, 1995), Páginas 139-250
773 0 _tVetus Testamentum
942 _cANA
999 _c57993
_d57993